000 00559 a2200193 4500
005 20240520114605.0
010 _aB-759110
020 _a9780143333166
_c199.00
035 _aB-759110
037 _bGift
082 _aS
100 _aMurty, Sudha
_966443
245 _aThe Magic of The Lost Temple/
_cSudha Murthy
260 _aGurgaon
_bPenguin Books India Pvt. Ltd
_c2015
270 _a7th Floor Infinity Tower C,DLF Cyber City
_bGurgaon
_e122002
300 _a203 p.
_c19 cm(Pb)
942 _adpl
_cCH
_2ddc
_hS
_mMUR
999 _c203003
_d203003